Giỗ tết xưa và nay
Nội dung quyển sách trình bày dưới dạng hỏi đáp về việc thờ phụng tổ tiên trong thời xưa và nay như tầm quan trọng của việc thờ cúng tổ tiên, bàn về ngày giỗ, ngày tết,...
Na minha lista:
| Formato: | Livro |
|---|---|
| Idioma: | Undetermined |
| Publicado em: |
Hà Nội
Văn hóa Thông tin
2009
|
| Assuntos: | |
| Tags: |
Adicionar Tag
Sem tags, seja o primeiro a adicionar uma tag!
|
| Thư viện lưu trữ: | Trung tâm Học liệu Trường Đại học Cần Thơ |
|---|
| LEADER | 00867nam a2200205Ia 4500 | ||
|---|---|---|---|
| 001 | CTU_140685 | ||
| 008 | 210402s9999 xx 000 0 und d | ||
| 020 | |c 25000 | ||
| 082 | |a 394.26 | ||
| 082 | |b Gi450 | ||
| 245 | 0 | |a Giỗ tết xưa và nay | |
| 245 | 0 | |c Trần Ngọc Lân biên soạn | |
| 260 | |a Hà Nội | ||
| 260 | |b Văn hóa Thông tin | ||
| 260 | |c 2009 | ||
| 520 | |a Nội dung quyển sách trình bày dưới dạng hỏi đáp về việc thờ phụng tổ tiên trong thời xưa và nay như tầm quan trọng của việc thờ cúng tổ tiên, bàn về ngày giỗ, ngày tết,... | ||
| 650 | |a Manners and customs,Folklore,Phong tục tập quán | ||
| 650 | |z Vietnam,Vietnam,Việt Nam | ||
| 904 | |i Năm | ||
| 980 | |a Trung tâm Học liệu Trường Đại học Cần Thơ | ||